Sports Quiz

Random Sports or NFL Quiz
Score 0/24 Timer 05:00
2 Plays Today
Question Answer Wrong Answers
NFC North (NFL) Denver
Broncos
85%
Green Bay
Packers
2%
Chicago
Bears
2.2%
Minnesota
Vikings
1.8%
NFC West (NFL) Houston
Texans
83.4%
Seattle
Seahawks
2.8%
San Francisco
49ers
2.3%
Arizona
Cardinals
2.6%
NFC South (NFL) Atlanta
Braves
82.9%
New Orleans
Saints
2.4%
Carolina
Panthers
3.1%
Tampa Bay
Buccaneers
2.5%
AFC East (NFL) New York
Giants
82%
New England
Patriots
2.6%
New York
Jets
3.2%
Buffalo
Bills
3.1%
National League West (MLB) Colorado
Avalanche
81.1%
Arizona
Diamondbacks
3.6%
Los Angeles
Dodgers
2.8%
San Diego
Padres
3.3%
American League East (MLB) New York
Mets
81%
Boston
Red Sox
2%
Toronto
Blue Jays
5.2%
New York
Yankees
2.5%
NFC East (NFL) Atlanta
Falcons
80.4%
Dallas
Cowboys
6.1%
Philadelphia
Eagles
2%
Washington
Redskins
2.2%
American League Central (MLB) Baltimore
Orioles
79.4%
Kansas City
Royals
4.4%
Chicago
White Sox
3.5%
Cleveland
Indians
3.2%
AFC North (NFL) Detroit
Lions
78.5%
Cincinnati
Bengals
3.4%
Cleveland
Browns
3.2%
Baltimore
Ravens
5.7%
AFC West (NFL) Los Angeles
Rams
76.3%
Oakland
Raiders
2.5%
Los Angeles
Chargers
3.3%
Kansas City
Chiefs
8.7%
National League East (MLB) Cincinnati
Reds
74.6%
Washington
Nationals
3.4%
Miami
Marlins
9.5%
Philadelphia
Phillies
3.2%
AFC South (NFL) Miami
Dolphins
73.9%
Indianapolis
Colts
10.7%
Tennessee
Titans
3.3%
Jacksonville
Jaguars
3%
Central Division (NBA) Dallas
Mavericks
73.2%
Detroit
Pistons
4.7%
Milwaukee
Bucks
3.6%
Cleveland
Cavaliers
9.3%
National League Central (MLB) Minnesota
Twins
73.1%
Chicago
Cubs
3.6%
Pittsburgh
Pirates
9.9%
Milwaukee
Brewers
4.1%
Metropolitan Division (NHL) Chicago
Blackhawks
71.2%
Philadelphia
Flyers
4.5%
New Jersey
Devils
8.4%
Washington
Capitals
6.4%
American League West (MLB) San Francisco
Giants
70.2%
Texas
Rangers
7.5%
Houston
Astros
9.1%
Los Angeles
Angels
4%
Central Division (NHL) Toronto
Maple Leafs
69.3%
Nashville
Predators
10.2%
St. Louis
Blues
4.4%
Minnesota
Wild
6.6%
Southeast Division (NBA) Houston
Rockets
67.4%
Miami
Heat
3.4%
Washington
Wizards
17.3%
Atlanta
Hawks
2.8%
Pacific Division (NHL) Ottawa
Senators
64%
Edmonton
Oilers
11.1%
Vancouver
Canucks
5.9%
Calgary
Flames
9.6%
Atlantic Division (NBA) Charlotte
Hornets
63.5%
Boston
Celtics
3.7%
Toronto
Raptors
18.9%
Philadelphia
76ers
4.8%
Northwest Division (NBA) Phoenix
Suns
58.1%
Oklahoma City
Thunder
15.5%
Minnesota
Timberwolves
13.2%
Denver
Nuggets
4.1%
Pacific Division (NBA) Portland
Trail Blazers
58.1%
Los Angeles
Clippers
14.1%
Golden State
Warriors
5.7%
Sacramento
Kings
13.1%
Southwest Division (NBA) Utah
Jazz
43.9%
San Antonio
Spurs
5.2%
Memphis
Grizzlies
21.1%
New Orleans
Pelicans
20.6%
Atlantic Division (NHL) New York
Islanders
24.9%
Montreal
Canadiens
11.5%
Florida
Panthers
14.6%
Detroit
Red Wings
39.9%

You're not logged in!

Compare scores with friends on all Sporcle quizzes.
OR
Log In

Sporcle TV

Today on Sporcle TV


Watch our educational content, quiz creation guides, and fun videos on Sporcle TV.

Show Comments

Extras

Top Quizzes Today


Score Distribution

Your Account Isn't Verified!

In order to create a playlist on Sporcle, you need to verify the email address you used during registration. Go to your Sporcle Settings to finish the process.

Report this User

Report this user for behavior that violates our Community Guidelines.

Details: